古蘭經 Gu lan jing = (Record no. 38010)
[ view plain ]
| 000 -LEADER | |
|---|---|
| fixed length control field | 00953cam a2200325Ia 4500 |
| 001 - CONTROL NUMBER | |
| control field | 4538619 |
| 003 - CONTROL NUMBER IDENTIFIER | |
| control field | OSt |
| 005 - DATE AND TIME OF LATEST TRANSACTION | |
| control field | 20150203110333.0 |
| 008 - FIXED-LENGTH DATA ELEMENTS--GENERAL INFORMATION | |
| fixed length control field | 850415s1981 cc b 000 0 chi |
| 010 ## - LIBRARY OF CONGRESS CONTROL NUMBER | |
| LC control number | 81132947 |
| 020 ## - INTERNATIONAL STANDARD BOOK NUMBER | |
| International Standard Book Number | 7500406770 |
| 020 ## - INTERNATIONAL STANDARD BOOK NUMBER | |
| International Standard Book Number | 9787500406778 |
| 041 1# - LANGUAGE CODE | |
| Language code of text/sound track or separate title | chi |
| Language code of original and/or intermediate translations of text | ara |
| 066 ## - CHARACTER SETS PRESENT | |
| Alternate G0 or G1 character set | $1 |
| 130 0# - MAIN ENTRY--UNIFORM TITLE | |
| Uniform title | Koran. |
| Language of a work | Chinese. |
| 245 10 - TITLE STATEMENT | |
| Title | 古蘭經 Gu lan jing = |
| Remainder of title | al-Qurʼān al-karīm : bi-al-lughah al-Ṣīnīyah {ch} / |
| Statement of responsibility, etc | 马坚译 Ma Jian yi. |
| 260 ## - PUBLICATION, DISTRIBUTION, ETC. (IMPRINT) | |
| Place of publication, distribution, etc | Beijing : |
| Name of publisher, distributor, etc | Zhongguo she hui ke xue chu ban she, |
| Date of publication, distribution, etc | 2006. |
| 300 ## - PHYSICAL DESCRIPTION | |
| Extent | 484 p. ; |
| Dimensions | 21 cm. |
| 336 ## - CONTENT TYPE | |
| Source | rdacontent |
| 337 ## - MEDIA TYPE | |
| Source | rdamedia |
| 338 ## - CARRIER TYPE | |
| Source | rdacarrier |
| 500 ## - GENERAL NOTE | |
| General note | Translation of: Koran. |
| 500 ## - GENERAL NOTE | |
| General note | Colophon title also in pinyin: Gulanjing. |
| 504 ## - BIBLIOGRAPHY, ETC. NOTE | |
| Bibliography, etc | Includes bibliographical references. |
| 630 ## - SUBJECT ADDED ENTRY--UNIFORM TITLE | |
| Uniform title | Koran, Chinese {ch}. |
| 700 1# - ADDED ENTRY--PERSONAL NAME | |
| Personal name | 马坚译 Ma, Jian. |
| 740 01 - ADDED ENTRY--UNCONTROLLED RELATED/ANALYTICAL TITLE | |
| Uncontrolled related/analytical title | Qurʻān al-karīm. |
| 740 01 - ADDED ENTRY--UNCONTROLLED RELATED/ANALYTICAL TITLE | |
| Uncontrolled related/analytical title | Gulanjing. |
| 942 ## - ADDED ENTRY ELEMENTS (KOHA) | |
| Source of classification or shelving scheme | Library of Congress Classification |
| Item type | Books |
| Withdrawn status | Lost status | Source of classification or shelving scheme | Damaged status | Not for loan | Home library | Current library | Shelving location | Date acquired | Inventory number | Total Checkouts | Full call number | Barcode | Date last seen | Price effective from | Koha item type |
|---|---|---|---|---|---|---|---|---|---|---|---|---|---|---|---|
| Library of Congress Classification | BSOP Library | BSOP Library | Reference Chinese | 02/03/2015 | C-12961 | BP104.3 1996 | 00044861 | 02/03/2015 | 02/03/2015 | Books |
